000 00599pam a2200229 i 4500
001 3209701
005 20180131072333.0
008 780718s1978 mdua b 001 0 eng
010 _a 78014526
020 _a0894430467
040 _aDLC
_cDLC
_dDLC
041 _aeng
060 _aWX150.3 H842h
080 _a658.7 CHA
082 0 0 _a658.7 CHA
100 1 _a54
101 _aMAN
245 1 0 _aHospital materiel management /
_cCharles E. Housley.
504 _aIncludues bibliographical references and index.
906 _a7
_bcbc
_corignew
_d1
_eocip
_f19
_gy-gencatlg
942 _2ddc
_cBK
999 _c41379
_d41379